[Event "17th Capablanca Memorial"]
[Site "Cienfuegos CUB"]
[Date "1981.05.22"]
[Round "1"]
[White "Boensch, Uwe"]
[Black "Mikhalchishin, Adrian"]
[Result "1/2-1/2"]
[WhiteElo "2455"]
[BlackElo "2535"]
[EventDate "1981.05.22"]
[PlyCount "48"]

1.Nf3 Nf6 2.g3 d5 3.Bg2 g6 4.c4 Bg7 5.cxd5 Nxd5 6.Nc3 O-O 7.O-O Nc6 8.Qb3 
Nb6 9.d3 e5 10.Ne4 Be6 11.Qa3 Bd5 12.Bg5 f6 13.Be3 Re8 14.Rac1 Kh8 15.Nc5 
Qc8 16.Rfe1 a5 17.Na4 Nxa4 18.Qxa4 Nb4 19.a3 Bc6 20.Qb3 Nd5 21.Bd2 Qd7 22.
Qc4 a4 23.Red1 Rad8 24.Qc2 Ne7 1/2-1/2

[Event "17th Capablanca Memorial"]
[Site "Cienfuegos CUB"]
[Date "1981.05.22"]
[Round "1"]
[White "Fernandez Gonzalez, Juan Carlos"]
[Black "Andres Mendez, Miguel"]
[Result "1/2-1/2"]
[WhiteElo "2440"]
[BlackElo "2370"]
[EventDate "1981.05.22"]
[PlyCount "36"]

1.d4 Nf6 2.c4 c5 3.d5 g6 4.Nc3 Bg7 5.e4 O-O 6.Be2 d6 7.Bg5 h6 8.Bf4 e6 9.
dxe6 Bxe6 10.Bxd6 Re8 11.Nf3 Nc6 12.O-O Bg4 13.h3 Bxf3 14.Bxf3 Qa5 15.e5 
Nxe5 16.Bxe5 Rxe5 17.Bxb7 Rb8 18.Qd6 Ree8 1/2-1/2

[Event "17th Capablanca Memorial"]
[Site "Cienfuegos CUB"]
[Date "1981.05.22"]
[Round "1"]
[White "Nogueiras Santiago, Jesus"]
[Black "Garcia Martinez, Silvino"]
[Result "1/2-1/2"]
[WhiteElo "2455"]
[BlackElo "2435"]
[EventDate "1981.05.22"]
[PlyCount "20"]

1.d4 Nf6 2.c4 e6 3.g3 Bb4+ 4.Bd2 Qe7 5.Bg2 Nc6 6.Nf3 Bxd2+ 7.Nbxd2 d6 8.
O-O e5 9.d5 Nb8 10.e4 a5 1/2-1/2

[Event "17th Capablanca Memorial"]
[Site "Cienfuegos CUB"]
[Date "1981.05.22"]
[Round "1"]
[White "Tseshkovsky, Vitaly"]
[Black "Garcia Gonzales, Guillermo"]
[Result "1-0"]
[WhiteElo "2530"]
[BlackElo "2520"]
[EventDate "1981.05.22"]
[PlyCount "83"]

1.e4 e6 2.d4 d5 3.Nc3 Bb4 4.e5 c5 5.a3 Bxc3+ 6.bxc3 Ne7 7.Nf3 Qc7 8.h4 b6 
9.h5 h6 10.Bd3 Ba6 11.Rb1 Bxd3 12.cxd3 Nd7 13.Kf1 cxd4 14.cxd4 Rc8 15.Bd2 
Qc2 16.Ke2 Qxd1+ 17.Rhxd1 Nc6 18.Rb2 Kd8 19.a4 a6 20.Rh1 Kc7 21.g4 Kb7 22.
Be3 Ne7 23.Nh4 Rc7 24.f4 Rhc8 25.f5 Ng8 26.Kd2 Nf8 27.Rhb1 Rc6 28.Rf1 f6 
29.fxe6 Nxe6 30.Nf5 R8c7 31.Bf2 Ka7 32.Bg3 Rd7 33.Bh4 Nc7 34.Rbb1 b5 35.
Nd6 Kb6 36.Rb2 Ne7 37.Bg3 Ng8 38.Rfb1 Ka7 39.Ra1 Kb6 40.axb5 Nxb5 41.Nxb5 
axb5 42.Rba2 1-0

[Event "17th Capablanca Memorial"]
[Site "Cienfuegos CUB"]
[Date "1981.05.22"]
[Round "1"]
[White "Vera Gonzalez, Reynaldo"]
[Black "Barczay, Laszlo"]
[Result "0-1"]
[WhiteElo "2455"]
[BlackElo "2410"]
[EventDate "1981.05.22"]
[PlyCount "72"]

1.d4 Nf6 2.c4 c5 3.d5 e6 4.Nc3 exd5 5.cxd5 d6 6.e4 g6 7.f4 Bg7 8.Bb5+ Nfd7
9.a4 Qh4+ 10.g3 Qe7 11.Nf3 O-O 12.O-O c4 13.e5 Nc5 14.Bxc4 Bg4 15.exd6 
Qxd6 16.Be3 a6 17.Bd4 Bxd4+ 18.Qxd4 Bxf3 19.Rxf3 Nc6 20.Qf2 Nb4 21.f5 Rae8
22.Rf1 Nd7 23.Rf4 g5 24.Ne4 Qh6 25.Rg4 f6 26.d6+ Kh8 27.Nc5 Qh5 28.Nxd7 
Qxg4 29.Nxf8 Qxc4 30.Ne6 Nd3 31.d7 Rd8 32.Nxd8 Nxf2 33.Nf7+ Kg7 34.d8=Q 
Nh3+ 35.Kg2 Qe2+ 36.Kxh3 Qxf1+ 0-1

[Event "17th Capablanca Memorial"]
[Site "Cienfuegos CUB"]
[Date "1981.05.22"]
[Round "1"]
[White "Vilela de Acuna, Jose Luis"]
[Black "Hernandez Onna, Roman"]
[Result "1/2-1/2"]
[WhiteElo "2430"]
[BlackElo "2390"]
[EventDate "1981.05.22"]
[PlyCount "47"]

1.d4 d5 2.c4 dxc4 3.Nf3 Nf6 4.e3 e6 5.Bxc4 c5 6.O-O a6 7.a4 Nc6 8.Qe2 cxd4
9.Rd1 Be7 10.exd4 O-O 11.Nc3 Nb4 12.Ne5 Bd7 13.d5 exd5 14.Nxd5 Nfxd5 15.
Bxd5 Nxd5 16.Rxd5 Bg4 17.Qc4 Qxd5 18.Qxd5 Rad8 19.Qb3 Rd1+ 20.Qxd1 Bxd1 
21.Bg5 Bxg5 22.Rxd1 Rc8 23.b3 g6 24.g3 1/2-1/2

[Event "17th Capablanca Memorial"]
[Site "Cienfuegos CUB"]
[Date "1981.05.22"]
[Round "1"]
[White "Zapata Ramirez, Alonso"]
[Black "Chernin, Alexander"]
[Result "0-1"]
[WhiteElo "2420"]
[BlackElo "2470"]
[EventDate "1981.05.22"]
[PlyCount "78"]

1.e4 d6 2.d4 Nf6 3.Nc3 g6 4.f4 Bg7 5.Nf3 c5 6.dxc5 Qa5 7.Bd3 Qxc5 8.Qe2 
O-O 9.Be3 Qa5 10.O-O Bg4 11.h3 Bxf3 12.Qxf3 Nc6 13.Ne2 Nd7 14.c3 Nde5 15.
fxe5 Nxe5 16.Qg3 Nxd3 17.Bg5 Rfe8 18.Bxe7 Qb6+ 19.Kh1 Rxe7 20.Qxd3 Qxb2 
21.a3 Qb6 22.Nf4 Qa6 23.Qf3 Qc4 24.Rab1 a5 25.Rfd1 Rxe4 26.Nd5 Rae8 27.Qg3
Qc6 28.Rb6 Qc8 29.Rxd6 R4e5 30.Qf2 Re2 31.Qh4 R2e4 32.Qf2 R4e6 33.Rxe6 
Qxe6 34.Qc5 Qe2 35.Ra1 Qb2 36.Rf1 Qe2 37.Ra1 a4 38.Qc7 b5 39.Rb1 Qd3 0-1

[Event "17th Capablanca Memorial"]
[Site "Cienfuegos CUB"]
[Date "1981.05.23"]
[Round "2"]
[White "Andres Mendez, Miguel"]
[Black "Zapata Ramirez, Alonso"]
[Result "1/2-1/2"]
[WhiteElo "2370"]
[BlackElo "2420"]
[EventDate "1981.05.22"]
[PlyCount "112"]

1.e4 c5 2.Nf3 e6 3.d4 cxd4 4.Nxd4 Nc6 5.Nc3 a6 6.g3 d6 7.Bg2 Bd7 8.O-O Nf6
9.b3 Be7 10.Nce2 O-O 11.c4 Rc8 12.Re1 Nxd4 13.Nxd4 b5 14.cxb5 axb5 15.Bd2 
Qb6 16.Bb4 e5 17.Nf5 Bxf5 18.exf5 Rfe8 19.a3 h6 20.Ra2 Bf8 21.Rae2 Rc7 22.
Qd2 Qa6 23.Qd3 d5 24.Bxf8 e4 25.Qd4 Rxf8 26.Qb4 Rfc8 27.Rd2 Rc2 28.Red1 
Rxd2 29.Rxd2 Rc1+ 30.Bf1 Ra1 31.Kg2 Qxa3 32.Qxa3 Rxa3 33.Bxb5 Rxb3 34.Bc6 
Rd3 35.Rxd3 exd3 36.Kf1 Kf8 37.Bb5 d2 38.Ke2 Ne4 39.Bc6 Ke7 40.f3 Nf6 41.
Kxd2 Kd6 42.Ba4 Nd7 43.Ke3 Ne5 44.f4 Nc6 45.g4 f6 46.Kd3 Kc5 47.Bb3 Na5 
48.Ba2 Nc4 49.Bb3 Nd6 50.Bc2 Ne4 51.h3 Nd6 52.Bb3 h5 53.gxh5 Nxf5 54.Ba4 
Nd6 55.Bd7 Nc4 56.Be6 Na5 1/2-1/2

[Event "17th Capablanca Memorial"]
[Site "Cienfuegos CUB"]
[Date "1981.05.23"]
[Round "2"]
[White "Barczay, Laszlo"]
[Black "Boensch, Uwe"]
[Result "0-1"]
[WhiteElo "2410"]
[BlackElo "2455"]
[EventDate "1981.05.22"]
[PlyCount "76"]

1.e4 c5 2.Nf3 e6 3.d4 cxd4 4.Nxd4 a6 5.Bd3 Nf6 6.O-O d6 7.c4 b6 8.Nc3 Bb7 
9.b3 Nbd7 10.Re1 Be7 11.Bb2 O-O 12.Rc1 Re8 13.Bb1 Bf8 14.Re3 Rc8 15.Qe2 g6
16.Rd1 Qc7 17.Qf3 Qb8 18.Re2 Bg7 19.h3 Nc5 20.Qg3 e5 21.Nf3 Nh5 22.Qh2 b5 
23.cxb5 axb5 24.Red2 Nf6 25.Rxd6 b4 26.Na4 Nfxe4 27.Rb6 Qa7 28.Bxe4 Bxe4 
29.Rxb4 Nd3 30.Rxd3 Bxd3 31.Qg3 e4 32.Bxg7 Kxg7 33.Nd4 Rc1+ 34.Kh2 e3 35.
fxe3 Qe7 36.Nb2 Be4 37.Rc4 Ra1 38.Nd1 Rxd1 0-1

[Event "17th Capablanca Memorial"]
[Site "Cienfuegos CUB"]
[Date "1981.05.23"]
[Round "2"]
[White "Garcia Gonzales, Guillermo"]
[Black "Nogueiras Santiago, Jesus"]
[Result "0-1"]
[WhiteElo "2520"]
[BlackElo "2455"]
[EventDate "1981.05.22"]
[PlyCount "76"]

1.d4 d5 2.c4 e6 3.Nf3 Nf6 4.Bg5 dxc4 5.e4 b5 6.a4 c6 7.Nc3 Bb4 8.e5 h6 9.
Bd2 Bxc3 10.bxc3 Ne4 11.Qb1 Qd5 12.Be2 Nd7 13.O-O O-O 14.Be1 Bb7 15.Nh4 c5
16.Qxb5 cxd4 17.Qxd5 Bxd5 18.cxd4 c3 19.f3 Nd2 20.Bxd2 cxd2 21.f4 Rac8 22.
Rfd1 Rc2 23.a5 Rfc8 24.Kf2 Bb3 25.Rab1 R8c3 26.Nf3 Rc1 27.Rxb3 Rxb3 28.
Rxd2 Ra3 29.a6 Nb6 30.f5 Nd5 31.fxe6 fxe6 32.Ne1 Nf4 33.Nd3 Nxe2 34.Kxe2 
Rca1 35.Nc5 Kf7 36.d5 exd5 37.Rxd5 R1a2+ 38.Kf1 Rc3 0-1

[Event "17th Capablanca Memorial"]
[Site "Cienfuegos CUB"]
[Date "1981.05.23"]
[Round "2"]
[White "Hernandez Onna, Roman"]
[Black "Chernin, Alexander"]
[Result "0-1"]
[WhiteElo "2390"]
[BlackElo "2470"]
[EventDate "1981.05.22"]
[PlyCount "64"]

1.c4 f5 2.d4 Nf6 3.Nf3 g6 4.g3 Bg7 5.Bg2 O-O 6.O-O d6 7.Nc3 Qe8 8.d5 Na6 
9.Nd4 Bd7 10.e4 Nxe4 11.Nxe4 fxe4 12.Bxe4 c6 13.Be3 Nc7 14.Qd2 c5 15.Ne2 
b5 16.cxb5 Bf5 17.Bg2 Qxb5 18.Nc3 Qd3 19.Rfd1 Qxd2 20.Rxd2 h6 21.Rc1 Rab8 
22.Bf1 Bd7 23.Bc4 Rb4 24.b3 Rfb8 25.a3 Rxb3 26.Bxb3 Rxb3 27.Ne2 a5 28.Bd4 
Bf8 29.Rb2 a4 30.Rxb3 axb3 31.Rb1 c4 32.Rc1 Nxd5 0-1

[Event "17th Capablanca Memorial"]
[Site "Cienfuegos CUB"]
[Date "1981.05.23"]
[Round "2"]
[White "Mikhalchishin, Adrian"]
[Black "Fernandez Gonzalez, Juan Carlos"]
[Result "0-1"]
[WhiteElo "2535"]
[BlackElo "2440"]
[EventDate "1981.05.22"]
[PlyCount "82"]

1.Nf3 Nf6 2.c4 g6 3.g3 c5 4.d4 cxd4 5.Nxd4 Bg7 6.Bg2 Nc6 7.O-O O-O 8.Nc3 
Nxd4 9.Qxd4 d6 10.Qd3 a6 11.Bd2 Rb8 12.c5 dxc5 13.Qxd8 Rxd8 14.Bf4 Ra8 15.
Rfd1 Re8 16.Be5 Ra7 17.Bb8 Ra8 18.Be5 Ra7 19.Na4 Nd7 20.Bxg7 Kxg7 21.Rac1 
c4 22.Nc3 Nf6 23.a4 b6 24.Nd5 b5 25.Nb4 Bd7 26.a5 Bf5 27.Rd4 Rc8 28.h3 h5 
29.f4 Be6 30.Kf2 Kf8 31.Rcd1 Nd7 32.Nxa6 Nf6 33.Rd8+ Kg7 34.Rxc8 Bxc8 35.
Nc5 Rxa5 36.Rd8 Bf5 37.e4 b4 38.exf5 Rxc5 39.fxg6 Kxg6 40.Rb8 c3 41.bxc3 
bxc3 0-1

[Event "17th Capablanca Memorial"]
[Site "Cienfuegos CUB"]
[Date "1981.05.23"]
[Round "2"]
[White "Vilela de Acuna, Jose Luis"]
[Black "Tseshkovsky, Vitaly"]
[Result "1/2-1/2"]
[WhiteElo "2430"]
[BlackElo "2530"]
[EventDate "1981.05.22"]
[PlyCount "85"]

1.c4 c5 2.Nf3 Nf6 3.Nc3 d5 4.cxd5 Nxd5 5.d4 e6 6.e3 Nc6 7.Bd3 cxd4 8.exd4 
Be7 9.O-O O-O 10.Re1 Nf6 11.a3 b6 12.Bg5 Bb7 13.Bc2 Rc8 14.Qd3 g6 15.Bh6 
Re8 16.Rad1 Nd5 17.Ba4 a6 18.Nxd5 Qxd5 19.Qe3 Qh5 20.d5 b5 21.dxc6 Bxc6 
22.Bb3 Bxf3 23.gxf3 g5 24.Bxe6 Bf6 25.Bxc8 Rxe3 26.Rxe3 Qxh6 27.Rd6 g4 28.
fxg4 Qf4 29.Rd5 Bh4 30.Re2 Qc4 31.Rde5 Kg7 32.Bf5 Bf6 33.R5e4 Qc1+ 34.Kg2 
Bxb2 35.a4 Bf6 36.axb5 axb5 37.Rb4 Qc5 38.Rb3 Bc3 39.Rb1 b4 40.Bc2 Qc4 41.
Re4 Bd4 42.Bb3 Qd3 43.Ree1 {Tablas en la} 1/2-1/2

[Event "17th Capablanca Memorial"]
[Site "Cienfuegos CUB"]
[Date "1981.05.24"]
[Round "3"]
[White "Boensch, Uwe"]
[Black "Garcia Martinez, Silvino"]
[Result "1/2-1/2"]
[WhiteElo "2455"]
[BlackElo "2435"]
[EventDate "1981.05.22"]
[PlyCount "26"]

1.Nf3 Nf6 2.g3 d5 3.Bg2 c6 4.O-O Bg4 5.b3 Nbd7 6.Bb2 e6 7.d4 Bd6 8.Nbd2 
O-O 9.c4 Qe7 10.a3 e5 11.cxd5 cxd5 12.dxe5 Nxe5 13.Re1 Rfe8 1/2-1/2

[Event "17th Capablanca Memorial"]
[Site "Cienfuegos CUB"]
[Date "1981.05.24"]
[Round "3"]
[White "Chernin, Alexander"]
[Black "Andres Mendez, Miguel"]
[Result "1-0"]
[WhiteElo "2470"]
[BlackElo "2370"]
[EventDate "1981.05.22"]
[PlyCount "69"]

1.Nf3 Nf6 2.g3 g6 3.b3 Bg7 4.Bb2 O-O 5.Bg2 d6 6.d4 c5 7.c4 d5 8.cxd5 Nxd5 
9.Qd2 Nb4 10.O-O N8c6 11.a3 Na6 12.Rd1 Na5 13.Qc2 Qb6 14.Nbd2 cxd4 15.b4 
Bf5 16.Qa4 Nc6 17.Nc4 Qd8 18.Nh4 Bd7 19.b5 Nc5 20.Qc2 d3 21.Rxd3 Bxb2 22.
Nxb2 Nxd3 23.bxc6 Bxc6 24.Nxd3 Bxg2 25.Nxg2 Rc8 26.Qb2 b6 27.Ne3 Qd7 28.
Rd1 Rfd8 29.Nf4 Qc6 30.Nfd5 Qe6 31.Qb4 Rd7 32.Rd4 Rc5 33.Qd2 Rb7 34.f3 Rc8
35.Re4 1-0

[Event "17th Capablanca Memorial"]
[Site "Cienfuegos CUB"]
[Date "1981.05.24"]
[Round "3"]
[White "Fernandez Gonzalez, Juan Carlos"]
[Black "Barczay, Laszlo"]
[Result "1/2-1/2"]
[WhiteElo "2440"]
[BlackElo "2410"]
[EventDate "1981.05.22"]
[PlyCount "27"]

1.d4 Nf6 2.c4 c5 3.d5 e6 4.Nc3 exd5 5.cxd5 d6 6.Nf3 g6 7.g3 Bg7 8.Bg2 O-O 
9.O-O a6 10.a4 Nbd7 11.h3 Rb8 12.Bf4 Qe7 13.Rb1 Nh5 14.Bg5 1/2-1/2

[Event "17th Capablanca Memorial"]
[Site "Cienfuegos CUB"]
[Date "1981.05.24"]
[Round "3"]
[White "Nogueiras Santiago, Jesus"]
[Black "Vilela de Acuna, Jose Luis"]
[Result "1/2-1/2"]
[WhiteElo "2455"]
[BlackElo "2430"]
[EventDate "1981.05.22"]
[PlyCount "31"]

1.d4 Nf6 2.Nf3 e6 3.e3 b6 4.Bd3 Bb7 5.O-O c5 6.c4 Be7 7.b3 O-O 8.Bb2 cxd4 
9.exd4 d5 10.Nbd2 Ne4 11.Re1 Nxd2 12.Nxd2 Nd7 13.Re3 g6 14.Rh3 Bf6 15.Nf3 
Re8 16.Qd2 1/2-1/2

[Event "17th Capablanca Memorial"]
[Site "Cienfuegos CUB"]
[Date "1981.05.24"]
[Round "3"]
[White "Tseshkovsky, Vitaly"]
[Black "Hernandez Onna, Roman"]
[Result "1-0"]
[WhiteElo "2530"]
[BlackElo "2390"]
[EventDate "1981.05.22"]
[PlyCount "85"]

1.e4 c5 2.Nf3 Nc6 3.d4 cxd4 4.Nxd4 g6 5.Nc3 Bg7 6.Be3 Nf6 7.Bc4 O-O 8.Bb3 
d6 9.f3 Bd7 10.h4 Qc7 11.Qd2 Rfc8 12.O-O-O Ne5 13.h5 Nc4 14.Bxc4 Qxc4 15.
Bh6 Bh8 16.g4 Rc5 17.Nb3 Rc7 18.Bg5 Rac8 19.Qh2 Bg7 20.hxg6 hxg6 21.e5 
dxe5 22.Bxf6 Bxf6 23.Kb1 Bc6 24.Na5 Qe6 25.Nxc6 Rxc6 26.Ne4 Bg7 27.Rd2 Re8
28.Qh7+ Kf8 29.Rdh2 f5 30.Ng5 Qf6 31.Qh4 Kg8 32.gxf5 Qxf5 33.Ne4 Kf7 34.
Qf2 b6 35.Qd2 Kg8 36.a3 Rec8 37.Qe3 Qf4 38.Qb3+ e6 39.Rd2 Rf8 40.Rd3 Qf5 
41.Rg1 Bh6 42.Nd6 Qf6 43.Qa4 1-0

[Event "17th Capablanca Memorial"]
[Site "Cienfuegos CUB"]
[Date "1981.05.24"]
[Round "3"]
[White "Vera Gonzalez, Reynaldo"]
[Black "Garcia Gonzales, Guillermo"]
[Result "1-0"]
[WhiteElo "2455"]
[BlackElo "2520"]
[EventDate "1981.05.22"]
[PlyCount "85"]

1.e4 c5 2.Nf3 e6 3.d4 cxd4 4.Nxd4 a6 5.Bd3 Nf6 6.O-O d6 7.c4 Be7 8.Nc3 O-O
9.Qe2 Qc7 10.f4 Nbd7 11.Nf3 Rd8 12.e5 Ne8 13.Bd2 dxe5 14.fxe5 h6 15.Kh1 
Nf8 16.Ne4 b6 17.Rf2 Bb7 18.Raf1 Rd7 19.Ne1 Ng6 20.Rxf7 Nxe5 21.Bf4 Rad8 
22.Rxe7 Rxe7 23.Nc3 Rf7 24.Qxe5 Qxe5 25.Bxe5 Rxd3 26.Rxf7 Re3 27.Nc2 Rxc3 
28.Rxb7 Rxc2 29.h3 Re2 30.Bc3 Nd6 31.Rxg7+ Kf8 32.Rc7 Ke8 33.Rc6 Kd7 34.
Rxb6 Nxc4 35.Rb4 Ne3 36.Re4 h5 37.g4 hxg4 38.hxg4 Ke7 39.a3 Kf7 40.a4 Ke7 
41.Re5 Kf7 42.g5 Ke7 43.b4 1-0

[Event "17th Capablanca Memorial"]
[Site "Cienfuegos CUB"]
[Date "1981.05.24"]
[Round "3"]
[White "Zapata Ramirez, Alonso"]
[Black "Mikhalchishin, Adrian"]
[Result "0-1"]
[WhiteElo "2420"]
[BlackElo "2535"]
[EventDate "1981.05.22"]
[PlyCount "54"]

1.e4 e5 2.Nf3 Nc6 3.Bb5 a6 4.Ba4 Nf6 5.O-O b5 6.Bb3 Bb7 7.Re1 Bc5 8.c3 d6 
9.d4 Bb6 10.a4 h6 11.Na3 exd4 12.cxd4 O-O 13.Bf4 Na5 14.Bc2 b4 15.Nb1 c5 
16.Nbd2 cxd4 17.Nf1 Ng4 18.Qd3 Rc8 19.Re2 Re8 20.e5 Rxc2 21.Rxc2 dxe5 22.
Qf5 Bc8 23.Rxc8 Qxc8 24.Qxc8 Rxc8 25.Bxe5 d3 26.Bg3 Nb3 27.Rd1 Nc1 0-1

[Event "17th Capablanca Memorial"]
[Site "Cienfuegos CUB"]
[Date "1981.05.25"]
[Round "4"]
[White "Barczay, Laszlo"]
[Black "Zapata Ramirez, Alonso"]
[Result "1/2-1/2"]
[WhiteElo "2410"]
[BlackElo "2420"]
[EventDate "1981.05.22"]
[PlyCount "93"]

1.Nf3 Nf6 2.g3 g6 3.b3 Bg7 4.Bg2 d6 5.d4 O-O 6.Bb2 Nbd7 7.O-O Re8 8.d5 Nc5
9.c4 a5 10.Ne1 e5 11.dxe6 Bxe6 12.Nd3 c6 13.Nxc5 dxc5 14.Nc3 Qc7 15.e4 
Rad8 16.Qc2 Bc8 17.Rad1 Nd7 18.Na4 Bxb2 19.Qxb2 b6 20.f4 Nf8 21.Qf6 Ne6 
22.Rxd8 Rxd8 23.f5 Ng7 24.fxg6 hxg6 25.e5 Bf5 26.Bxc6 Rd4 27.Bg2 Nh5 28.
Qg5 Qxe5 29.Nxb6 Rd3 30.Nd5 Qd4+ 31.Kh1 Be4 32.Bxe4 Qxe4+ 33.Kg1 Qd4+ 34.
Kg2 Qe4+ 35.Kg1 Qd4+ 36.Kg2 Kg7 37.Qe7 Rd2+ 38.Kh3 Rf2 39.Rxf2 Qxf2 40.
Qe5+ Kh7 41.Nf4 Ng7 42.Qf6 Qf1+ 43.Kh4 Kh6 44.Qg5+ Kh7 45.Qf6 Kh6 46.Qg5+ 
Kh7 47.Qf6 1/2-1/2

[Event "17th Capablanca Memorial"]
[Site "Cienfuegos CUB"]
[Date "1981.05.25"]
[Round "4"]
[White "Garcia Gonzales, Guillermo"]
[Black "Boensch, Uwe"]
[Result "1-0"]
[WhiteElo "2520"]
[BlackElo "2455"]
[EventDate "1981.05.22"]
[PlyCount "43"]

1.d4 Nf6 2.c4 d6 3.Nc3 Nbd7 4.Bg5 e5 5.e3 Be7 6.Bd3 Ng8 7.Bxe7 Nxe7 8.Qc2 
Nc6 9.Nf3 Nb4 10.Qe2 Nxd3+ 11.Qxd3 c6 12.Ne4 Qa5+ 13.Ke2 Qb4 14.a3 Qxb2+ 
15.Nfd2 Qb6 16.Nxd6+ Ke7 17.c5 Qa6 18.Qxa6 bxa6 19.N2c4 exd4 20.exd4 Nb8 
21.Rab1 f6 22.Kd2 1-0

[Event "17th Capablanca Memorial"]
[Site "Cienfuegos CUB"]
[Date "1981.05.25"]
[Round "4"]
[White "Hernandez Onna, Roman"]
[Black "Andres Mendez, Miguel"]
[Result "1-0"]
[WhiteElo "2390"]
[BlackElo "2370"]
[EventDate "1981.05.22"]
[PlyCount "47"]

1.c4 g6 2.Nc3 Bg7 3.g3 c5 4.Bg2 Nc6 5.Nf3 Nf6 6.O-O O-O 7.d3 d6 8.Bg5 a6 
9.Qc1 Re8 10.Ne1 Bd7 11.Nc2 Rb8 12.a4 Nd4 13.Nxd4 cxd4 14.Bxf6 exf6 15.Ne4
f5 16.Nxd6 Rxe2 17.c5 Qc7 18.b4 b6 19.Qc4 Bxa4 20.Qxa6 bxc5 21.Rxa4 Re6 
22.bxc5 Qxc5 23.Nb7 Qc7 24.Rc4 1-0

[Event "17th Capablanca Memorial"]
[Site "Cienfuegos CUB"]
[Date "1981.05.25"]
[Round "4"]
[White "Mikhalchishin, Adrian"]
[Black "Chernin, Alexander"]
[Result "1-0"]
[WhiteElo "2535"]
[BlackElo "2470"]
[EventDate "1981.05.22"]
[PlyCount "55"]

1.d4 e6 2.e4 d5 3.Nc3 Nf6 4.Bg5 dxe4 5.Nxe4 Nbd7 6.Nxf6+ Nxf6 7.Nf3 c5 8.
Bb5+ Bd7 9.Bxd7+ Qxd7 10.Qe2 cxd4 11.O-O-O Be7 12.Rxd4 Qc7 13.Qb5+ Qc6 14.
Qxc6+ bxc6 15.Rc4 c5 16.Bxf6 gxf6 17.Rd1 Rb8 18.Rd3 Rb4 19.Nd2 Rg8 20.g3 
Rxc4 21.Nxc4 Rg4 22.f4 h5 23.Kd2 h4 24.Ke2 hxg3 25.hxg3 Rg6 26.Ra3 Rh6 27.
Kf3 Rh1 28.Rxa7 1-0

[Event "17th Capablanca Memorial"]
[Site "Cienfuegos CUB"]
[Date "1981.05.25"]
[Round "4"]
[White "Tseshkovsky, Vitaly"]
[Black "Nogueiras Santiago, Jesus"]
[Result "1-0"]
[WhiteElo "2530"]
[BlackElo "2455"]
[EventDate "1981.05.22"]
[PlyCount "97"]

1.e4 e5 2.Nf3 Nc6 3.Bc4 Bc5 4.c3 Nf6 5.d3 O-O 6.O-O Bb6 7.Re1 Kh8 8.h3 d6 
9.Na3 Qe8 10.Bb3 a6 11.d4 Ba7 12.Bc2 b5 13.Be3 Ng8 14.Rc1 f6 15.Bb1 g5 16.
Qd2 g4 17.hxg4 Bxg4 18.Nh2 Bd7 19.d5 Nce7 20.c4 Qb8 21.b4 c6 22.c5 Rd8 23.
Qe2 Be8 24.Qf3 a5 25.cxd6 Rxd6 26.Bc5 axb4 27.Bxb4 c5 28.Rxc5 Bxc5 29.Bxc5
Rda6 30.Nc2 Qc7 31.Bb4 Ng6 32.g3 Qg7 33.Kh1 Bd7 34.Ne3 N6e7 35.a3 Qg5 36.
Qe2 Rc8 37.Bd3 Rb6 38.Rb1 Qg6 39.Ng2 Qh6 40.Bd2 Qh3 41.a4 Nh6 42.Kg1 Ng4 
43.Nxg4 Bxg4 44.Qe3 Rbb8 45.Nh4 Rg8 46.Bf1 Qxh4 47.gxh4 Ng6 48.Qh6 Bf3 49.
Kh2 1-0

[Event "17th Capablanca Memorial"]
[Site "Cienfuegos CUB"]
[Date "1981.05.25"]
[Round "4"]
[White "Vilela de Acuna, Jose Luis"]
[Black "Vera Gonzalez, Reynaldo"]
[Result "1/2-1/2"]
[WhiteElo "2430"]
[BlackElo "2455"]
[EventDate "1981.05.22"]
[PlyCount "44"]

1.c4 e6 2.d4 d5 3.Nc3 c5 4.cxd5 exd5 5.Nf3 Nc6 6.g3 Nf6 7.Bg2 Be7 8.O-O 
O-O 9.Bg5 c4 10.Ne5 Be6 11.b3 Qa5 12.Nxc6 bxc6 13.Na4 Rfd8 14.e3 Rac8 15.
Bxf6 gxf6 16.Qh5 c5 17.Bh3 Qa6 18.Bf5 Bxf5 19.Qxf5 Qe6 20.Qf4 Bd6 21.Qf3 
cxd4 22.exd4 Bb4 1/2-1/2

[Event "17th Capablanca Memorial"]
[Site "Cienfuegos CUB"]
[Date "1981.05.28"]
[Round "5"]
[White "Andres Mendez, Miguel"]
[Black "Mikhalchishin, Adrian"]
[Result "1/2-1/2"]
[WhiteElo "2370"]
[BlackElo "2535"]
[EventDate "1981.05.22"]
[PlyCount "32"]

1.e4 c5 2.Nf3 d6 3.d4 cxd4 4.Qxd4 Bg4 5.Nc3 Nc6 6.Bb5 a6 7.Bxc6+ bxc6 8.
Be3 e5 9.Qd3 Ne7 10.O-O-O Ng6 11.h3 Bxf3 12.gxf3 Be7 13.Qc4 Qd7 14.Ne2 O-O
15.f4 exf4 16.Nxf4 Rfb8 1/2-1/2

[Event "17th Capablanca Memorial"]
[Site "Cienfuegos CUB"]
[Date "1981.05.28"]
[Round "5"]
[White "Boensch, Uwe"]
[Black "Vilela de Acuna, Jose Luis"]
[Result "1/2-1/2"]
[WhiteElo "2455"]
[BlackElo "2430"]
[EventDate "1981.05.22"]
[PlyCount "50"]

1.Nf3 Nf6 2.c4 e6 3.g3 d5 4.Bg2 Be7 5.O-O O-O 6.cxd5 exd5 7.d4 c6 8.Nc3 
Nbd7 9.Bg5 Re8 10.Bxf6 Nxf6 11.Ne5 Ng4 12.Nxg4 Bxg4 13.f3 Be6 14.e4 c5 15.
exd5 Bxd5 16.Nxd5 Qxd5 17.dxc5 Bxc5+ 18.Kh1 Rad8 19.Qxd5 Rxd5 20.Rad1 Rxd1
21.Rxd1 Re2 22.Bf1 Rxb2 23.Bc4 Be7 24.Rd7 Kf8 25.Rc7 g6 1/2-1/2

[Event "17th Capablanca Memorial"]
[Site "Cienfuegos CUB"]
[Date "1981.05.28"]
[Round "5"]
[White "Chernin, Alexander"]
[Black "Barczay, Laszlo"]
[Result "1-0"]
[WhiteElo "2470"]
[BlackElo "2410"]
[EventDate "1981.05.22"]
[PlyCount "81"]

1.e4 c5 2.Nf3 d6 3.d4 cxd4 4.Qxd4 a6 5.Be3 Nc6 6.Qd2 Nf6 7.Nc3 h6 8.O-O-O 
e5 9.Nh4 Ng4 10.Nf5 Nxe3 11.fxe3 Be6 12.Nxd6+ Bxd6 13.Qxd6 Qa5 14.Nd5 Bxd5
15.Qxd5 Rd8 16.Qxa5 Rxd1+ 17.Kxd1 Nxa5 18.Bd3 Ke7 19.Kd2 Rd8 20.b3 Nc6 21.
Kc3 Rc8 22.a3 Nb8+ 23.Kb2 Nd7 24.b4 Nf6 25.h3 Rd8 26.a4 Ne8 27.a5 Nd6 28.
Rf1 g6 29.g4 f6 30.c4 h5 31.gxh5 gxh5 32.Rg1 f5 33.c5 Nxe4 34.Bxe4 fxe4 
35.Rg7+ Ke6 36.Rxb7 Rd3 37.Rb6+ Kf5 38.c6 Ke6 39.Rxa6 Rxe3 40.c7+ Kd7 41.
Rc6 1-0

[Event "17th Capablanca Memorial"]
[Site "Cienfuegos CUB"]
[Date "1981.05.28"]
[Round "5"]
[White "Fernandez Gonzalez, Juan Carlos"]
[Black "Garcia Gonzales, Guillermo"]
[Result "1/2-1/2"]
[WhiteElo "2440"]
[BlackElo "2520"]
[EventDate "1981.05.22"]
[PlyCount "73"]

1.Nf3 Nf6 2.c4 c5 3.Nc3 e6 4.g3 b6 5.Bg2 Bb7 6.O-O Be7 7.b3 d5 8.e3 Nbd7 
9.Bb2 O-O 10.Qe2 Rc8 11.Rfd1 Qc7 12.cxd5 Nxd5 13.Nxd5 Bxd5 14.e4 Bb7 15.d4
Nf6 16.dxc5 Bxe4 17.cxb6 Qxb6 18.Bxf6 Bxf3 19.Bxf3 Bxf6 20.Rac1 Bd4 21.Kg2
g6 22.Rc2 Rxc2 23.Qxc2 Rd8 24.Qc6 Qa5 25.Qc4 e5 26.b4 Qb6 27.Bd5 Qf6 28.f4
Qd6 29.Bxf7+ Kg7 30.fxe5 Qxe5 31.Be6 h5 32.Rd2 Qe4+ 33.Kh3 g5 34.Qc7+ Kh6 
35.Qxd8 Qxe6+ 36.Kg2 Qe4+ 37.Kf1 1/2-1/2

[Event "17th Capablanca Memorial"]
[Site "Cienfuegos CUB"]
[Date "1981.05.28"]
[Round "5"]
[White "Nogueiras Santiago, Jesus"]
[Black "Hernandez Onna, Roman"]
[Result "1/2-1/2"]
[WhiteElo "2455"]
[BlackElo "2390"]
[EventDate "1981.05.22"]
[PlyCount "65"]

1.d4 Nf6 2.c4 e6 3.Nc3 Bb4 4.g3 O-O 5.Bg2 d5 6.Nf3 dxc4 7.O-O Nc6 8.Bg5 h6
9.Bxf6 Qxf6 10.e3 Bd7 11.Qe2 Na5 12.Ne5 Qe7 13.Rfd1 Rad8 14.Nxc4 Bxc3 15.
bxc3 Bb5 16.Qh5 Bxc4 17.Qxa5 c6 18.a4 Ra8 19.Rab1 Rfc8 20.Qb4 Qxb4 21.cxb4
Bd5 22.f3 a5 23.Rdc1 axb4 24.e4 Ba2 25.Rxb4 b5 26.axb5 cxb5 27.Rxc8+ Rxc8 
28.Bf1 Bc4 29.Bxc4 bxc4 30.Kf2 c3 31.Rb1 c2 32.Rc1 Rc3 33.f4 1/2-1/2

[Event "17th Capablanca Memorial"]
[Site "Cienfuegos CUB"]
[Date "1981.05.28"]
[Round "5"]
[White "Vera Gonzalez, Reynaldo"]
[Black "Tseshkovsky, Vitaly"]
[Result "1/2-1/2"]
[WhiteElo "2455"]
[BlackElo "2530"]
[EventDate "1981.05.22"]
[PlyCount "102"]

1.d4 Nf6 2.c4 c5 3.Nf3 cxd4 4.Nxd4 b6 5.Nc3 Bb7 6.Bg5 e6 7.e4 d6 8.Qa4+ 
Nbd7 9.O-O-O a6 10.f4 Qc8 11.Bxf6 gxf6 12.Kb1 Be7 13.f5 e5 14.Nf3 Bc6 15.
Qc2 Qb7 16.Bd3 Nc5 17.g4 b5 18.Nd5 Rc8 19.Qe2 Nxd3 20.Qxd3 bxc4 21.Qxc4 
O-O 22.Rhg1 Kh8 23.h4 Rg8 24.Qe2 Ba4 25.Rc1 Bb5 26.Qe3 Bc6 27.Rcd1 Bd8 28.
Qh6 Bxd5 29.Rxd5 Qc6 30.Rc1 Qxc1+ 31.Qxc1 Rxc1+ 32.Kxc1 Rxg4 33.Rxd6 Be7 
34.Rd7 Bc5 35.Rxf7 Rf4 36.Nd2 Be3 37.Rxf6 Rxe4 38.Kc2 Rxh4 39.Nf3 Kg7 40.
Rxa6 Rf4 41.Nxe5 Rxf5 42.Nc4 Bg1 43.Ra5 Rxa5 44.Nxa5 h5 45.Kd3 h4 46.Ke4 
h3 47.Kf3 Kf6 48.Nb3 Ke5 49.Nc1 h2 50.Kg2 Ke4 51.Ne2 Ba7 1/2-1/2